Revival in The Binding of Isaac Repentance+ - Statistics

General Stats
  • This quiz has been taken 36 times
  • The average score is 9 of 17
Answer Stats
Type Answer % Correct
Passive 1up!
94%
Passive Ankh
91%
Passive Dead Cat
91%
Passive Lazarus' Rags
91%
Passive Guppy's Collar
88%
Trinket Broken Ankh
79%
Consumable Soul of Lazarus
76%
Passive Judas' Shadow
68%
Trinket Missing Poster
68%
Passive Inner Child
44%
Passive Birthright
35%
Active Metronome
21%
Passive Spirit Shackles
21%
Trinket Error
18%
Trinket Modeling Clay
18%
Trinket Mysterious Paper
18%
Active Lemegeton
12%
No matching quizzes found
Score Distribution
Percent of People with Each Score
Percentile by Number Answered
Your Score History
You have not taken this quiz